Bayesovská štatistická indukcia v ekonomických aplikáciách dizertačná práca

Gespeichert in:
Bibliographische Detailangaben
1. Verfasser: Kotlebová, Eva
Körperschaft: Fakulta hospodárskej informatiky EU. Katedra štatistiky
Weitere Verfasser: Pacáková, Viera
Format: Buch
Sprache:Slowakisch
Veröffentlicht: Bratislava 2007
Schlagworte:
Tags: Tag hinzufügen
Keine Tags, Fügen Sie das erste Tag hinzu!

MARC

LEADER 00000nam$a2200000$$$4500
001 0073842
005 20240502071857.5
041 0 |a slo 
044 |a SK 
245 1 0 |a Bayesovská štatistická indukcia v ekonomických aplikáciách  |b dizertačná práca  |c Eva Kotlebová ; škol. Viera Pacáková 
264 1 |a Bratislava  |c 2007 
300 |a 137 s. 
610 2 0 |a štatistika matematická 
610 2 0 |a teória rozhodovania 
100 1 |a Kotlebová, Eva 
700 1 |a Pacáková, Viera 
710 2 |a Fakulta hospodárskej informatiky EU. Katedra štatistiky